Puglia (Record no. 4560)

MARC details
000 -CABECERA
campo de control de longitud fija 00907nam a2200253 a 4500
001 - NÚMERO DE CONTROL
campo de control BRCA_4866
005 - FECHA Y HORA DE LA ÚLTIMA TRANSACCIÓN
campo de control 20190320204833.0
008 - DATOS DE LONGITUD FIJA--INFORMACIÓN GENERAL
campo de control de longitud fija 141010c1966----it-ao#####---#000-0#ita-#
041 ## - CÓDIGO DE LENGUA
Código de lengua del texto/banda sonora o título independiente ita
044 ## - CÓDIGO DEL PAÍS DE LA ENTIDAD EDITORA/PRODUCTORA
Código MARC del país it
050 #4 - SIGNATURA TOPOGRÁFICA DE LA BIBLIOTECA DEL CONGRESO
Número de clasificación PG7297
Número de documento/Ítem .P84 1966
245 10 - MENCIÓN DE TÍTULO
Título Puglia
Mención de responsabilidad, etc. a cura di Franco Biancofiore... [et al.] ; representazione di S.E. Aldo Moro.
260 ## - PUBLICACIÓN, DISTRIBUCIÓN, ETC.
Lugar de publicación, distribución, etc. Italia
Nombre del editor, distribuidor, etc. Electa
Fecha de publicación, distribución, etc. 1966
300 ## - DESCRIPCIÓN FÍSICA
Extensión 571 p.
Otras características físicas il. (algunas a color), 145 láminas
440 #0 - MENCIÓN DE SERIE/PUNTO DE ACCESO ADICIONAL--TÍTULO
Título Banca Nacionale del Laboro
9 (RLIN) 12313
500 ## - NOTA GENERAL
Nota general Incluye índice de ilustraciones, índice de nombres de personas, índice de lugares y referencias fotográficas
500 ## - NOTA GENERAL
Nota general Colección de Sonia Corcuera de Mancera
500 ## - NOTA GENERAL
Nota general Estado físico: caja y lomo deteriorado
651 #4 - PUNTO DE ACCESO ADICIONAL DE MATERIA--NOMBRE GEOGRÁFICO
Nombre geográfico Puglia
Subdivisión de forma Catálogos
Subdivisión general arte e historia
Subdivisión geográfica Italia
9 (RLIN) 12314
700 1# - PUNTO DE ACCESO ADICIONAL--NOMBRE DE PERSONA
Nombre de persona Moro, Aldo
9 (RLIN) 12315
700 1# - PUNTO DE ACCESO ADICIONAL--NOMBRE DE PERSONA
Nombre de persona Biancofiore, Franco
9 (RLIN) 12316
902 ## - CATALOGADOR
Iniciales DSC
942 ## - ELEMENTOS DE PUNTO DE ACCESO ADICIONAL (KOHA)
Fuente del sistema de clasificación o colocación Library of Congress Classification
Tipo de ítem Koha Libros
Holdings
Estado de retiro Estado de pérdida Estado dañado No para préstamo Localización permanente Ubicación/localización actual Fecha de adquisición Total de préstamos Signatura topográfica completa Código de barras Fecha visto por última vez Precio válido a partir de Tipo de ítem Koha
El ejemplar forma parte de la colección y puede ser consultado según las políticas vigentes.       Biblioteca del Museo Franz Mayer (Rogerio Casas-Alatriste) Biblioteca del Museo Franz Mayer (Rogerio Casas-Alatriste) 14/10/2010   PG7297 .P84 1966 REF00391 22/03/2019 22/03/2019 Libros